| Tag |
First Indicator |
Second Indicator |
Subfields |
| LEADER |
00000cam a2200000 a 4500 |
| 001 |
in00000079815 |
| 005 |
20151008054017.0 |
| 008 |
810602s1980 dcua 00010 engm |
| 035 |
|
|
|a (OCoLC)07469524
|
| 035 |
|
|
|9 AAH9351AM
|
| 040 |
|
|
|c SDB
|d TXA
|d UtOrBLW
|
| 049 |
|
|
|a TXAM
|c [800583]
|
| 050 |
|
0 |
|a HD9561
|b .A52
|
| 110 |
2 |
|
|a American Petroleum Institute.
|
| 245 |
1 |
0 |
|a Facts about oil /
|c American Petroleum Institute.
|
| 264 |
|
1 |
|a [Washington, D.C.] :
|b [The Institute],
|c [1980?]
|
| 300 |
|
|
|a 44 pages :
|b illustrations ;
|c 28 cm.
|
| 336 |
|
|
|a text
|b txt
|2 rdacontent
|
| 337 |
|
|
|a unmediated
|b n
|2 rdamedia
|
| 338 |
|
|
|a volume
|b nc
|2 rdacarrier
|
| 650 |
|
0 |
|a Petroleum
|z United States.
|
| 650 |
|
0 |
|a Petroleum industry and trade
|z United States.
|
| 999 |
|
|
|a MARS
|
| 999 |
f |
f |
|s e05ad4b3-ebd9-3f72-8f1d-ca1c69bab003
|i 4d682881-7045-3c9e-b638-5627afca915d
|t 0
|
| 952 |
f |
f |
|p ric
|a Texas A&M University
|b Rellis Campus
|c Joint Library Facility
|d Remote Storage
|t 0
|e HD9561 .A52
|h Library of Congress classification
|i unmediated -- volume
|m A14806131369
|
| 998 |
f |
f |
|a HD9561 .A52
|t 0
|l Remote Storage
|